Introduction to international investment law/ (Record no. 1238389)
[ view plain ]
| 000 -LEADER | |
|---|---|
| fixed length control field | 00926cam a22002658i 4500 |
| 001 - CONTROL NUMBER | |
| control field | 22799164 |
| 005 - DATE AND TIME OF LATEST TRANSACTION | |
| control field | 20250210171321.0 |
| 008 - FIXED-LENGTH DATA ELEMENTS--GENERAL INFORMATION | |
| fixed length control field | 220922s2022 enk b 001 0 eng |
| 010 ## - LIBRARY OF CONGRESS CONTROL NUMBER | |
| LC control number | 2022045958 |
| 020 ## - INTERNATIONAL STANDARD BOOK NUMBER | |
| International Standard Book Number | 9781009245692 |
| 020 ## - INTERNATIONAL STANDARD BOOK NUMBER | |
| International Standard Book Number | 9781009245692 |
| 037 ## - SOURCE OF ACQUISITION | |
| Terms of availability | LCT |
| 040 ## - CATALOGING SOURCE | |
| Original cataloging agency | LCT |
| Language of cataloging | eng |
| Transcribing agency | LCT |
| 084 ## - COLON CLASSIFICATION NUMBER | |
| Classification number | Z1:(X65) R3 |
| 100 1# - MAIN ENTRY--PERSONAL NAME | |
| Personal name | Collins, David |
| 9 (RLIN) | 734991 |
| 245 13 - TITLE STATEMENT | |
| Title | Introduction to international investment law/ |
| 250 ## - EDITION STATEMENT | |
| Edition statement | Second Edition. |
| 260 ## - PUBLICATION, DISTRIBUTION, ETC. | |
| Place of publication, distribution, etc. | New York, NY : |
| Name of publisher, distributor, etc. | Cambridge University Press, |
| Date of publication, distribution, etc. | 2023 |
| 300 ## - PHYSICAL DESCRIPTION | |
| Extent | 375p. |
| 504 ## - BIBLIOGRAPHY, ETC. NOTE | |
| Bibliography, etc. note | Includes bibliographical references and index. |
| 650 #0 - SUBJECT ADDED ENTRY--TOPICAL TERM | |
| Topical term or geographic name entry element | Investments, Foreign |
| General subdivision | Law and legislation. |
| 9 (RLIN) | 734992 |
| 650 #0 - SUBJECT ADDED ENTRY--TOPICAL TERM | |
| Topical term or geographic name entry element | Investments, Foreign (International law) |
| 9 (RLIN) | 734993 |
| 776 08 - ADDITIONAL PHYSICAL FORM ENTRY | |
| Main entry heading | Collins, David. |
| Title | Introduction to international investment law. |
| Edition | Second Edition. |
| International Standard Book Number | 9781009245715 |
| 942 ## - ADDED ENTRY ELEMENTS (KOHA) | |
| Source of classification or shelving scheme | Colon Classification (CC) |
| Koha item type | Textbook |
| Classification part | Z1:(X65) R3 |
| Suppress in OPAC | No |
| Withdrawn status | Lost status | Source of classification or shelving scheme | Damaged status | Not for loan | Collection | Home library | Current library | Shelving location | Date acquired | Source of acquisition | Inventory number | Total Checkouts | Full call number | Barcode | Date last seen | Price effective from | Koha item type |
|---|---|---|---|---|---|---|---|---|---|---|---|---|---|---|---|---|---|
| Colon Classification (CC) | Not For Loan | Non-fiction | Law Centre-II Library | Law Centre-II Library | General Stacks | 2025-02-10 | Segment | 69518 | Z1:(X65) R3 | LT0029032 | 2025-02-10 | 2025-02-10 | Textbook |
